Hazbin Hotel Songs in Latin - Statistics

General Stats
  • This quiz has been taken 15 times
  • The average score is 28 of 44
Answer Stats
Latin Translation Song % Correct
Gravitas Gravity
92%
Felix Dies Apud Inferos Happy Day in Hell
92%
Infernus Est In Aeternum Hell is Forever
92%
Noli Oblivisci Don’t You Forget
77%
Hazbin Fideiussor(Confido Nobis) Hazbin Guarantee (Trust Us)
77%
Audi Spem Meam Hear My Hope
77%
Pate Optimus Inferorum Hell’s Greatest Dad
77%
Insaniae Insane
77%
Victus, Parve Loser, Baby
77%
Ex Amore Out For Love
77%
Venenum Poison
77%
Neglegens Respectless
77%
Serae Confessio Sera’s Confession
77%
Voice of God Vox Dei
77%
Voice of the People Vox Populi
77%
Cum De Futuro Cogito When I Think About The Future
77%
Noli Oblivisci Repetitio Don’t You Forget (Reprise)
69%
Vivamus Ut Vivere Live To Live
69%
Amor In Utrem Love In A Bottle
69%
Plusquam Aliquid More Than Anything
69%
Plusquam Aliquid Repetitio More Than Anything (Reprise)
69%
Lotium(Amor Carmen) Piss (A Love Song)
69%
Promptus Ad Hoc Ready For This
69%
Celeritas Currere Ad Redemptionem Speedrun to Redemption
69%
Grata Ad Caelum Welcome to Heaven
69%
Quidquid Capit Whatever It Takes
69%
Nescivisti You Didn’t Know
69%
Emundare Eam Clean It Up
62%
Securus Easy
62%
Is Cum Contristari Incipit It Starts With Sorry
62%
Sicut Tu Like You
62%
Postquam Eo Ascendimus Once We Get Up There
62%
Mansit Abiit Stayed Gone
62%
Indulgeo Addict
54%
Malum Nobiscum Bad With Us
54%
Splendidor Brighter
54%
Series Amissis Losin’ Streak
54%
Intra Quemque Daemonem Arcus Caelestis Est Inside of Every Demon is a Rainbow
46%
Bellis Daisies
38%
Spectaculum Pergere Debet The Show Must Go On
38%
Nostra Puella, Charlie Our Girl, Charlie
31%
Concitant Upside Down
31%
Alastoris Repetitio Alastor’s Reprise
23%
Arcus Caelestes Semper Sequor I’m Always Chasing Rainbows
15%
No matching quizzes found
Score Distribution
Percent of People with Each Score
Percentile by Number Answered
Your Score History
You have not taken this quiz